[Event "South Wales op 20th"]
[Site "Bridgend"]
[Date "2025.07.08"]
[Round "7"]
[White "Camacho Collados, Jose"]
[Black "Dasgupta, Avyukt"]
[Result "1-0"]
[WhiteElo "2362"]
[BlackElo "2103"]
[PlyCount "59"]
[EventDate "2025.07.04"]
[EventType "swiss"]
[EventRounds "9"]
[EventCountry "WLS"]
[SourceTitle "CB29_2025"]
[SourceDate "2025.07.16"]
[SourceVersion "1"]
[SourceVersionDate "2025.07.16"]
[SourceQuality "1"]

1. Nf3 d5 2. c4 c6 3. g3 Nf6 4. Bg2 Bg4 5. Ne5 Be6 6. 0-0 Nbd7 7. d4 dxc4 8. Qc2 Nb6 9. Rd1 g6 10. Na3 Bg7 11. Naxc4 Nxc4 12. Nxc4 0-0 13. b3 Qc8 14. a4 c5 15. dxc5 Qxc5 16. Be3 Qb4 17. Rac1 Bf5 18. Qa2 Be4 19. Qa3 Qxa3 20. Nxa3 Bxg2 21. Kxg2 Ne4 22. Rc7 Nc3 23. Rd2 Rfb8 24. Rdd7 Nxe2 25. Rxe7 Bf8 26. Rxf7 Bxa3 27. Rg7+ Kh8 28. Rxh7+ Kg8 29. Rcg7+ Kf8 30. Bh6 1-0

[Event "South Wales op 20th"]
[Site "Bridgend"]
[Date "2025.07.06"]
[Round "5"]
[White "Marusenko, Petr"]
[Black "Dasgupta, Avyukt"]
[Result "0-1"]
[WhiteElo "2037"]
[BlackElo "2103"]
[PlyCount "54"]
[EventDate "2025.07.04"]
[EventType "swiss"]
[EventRounds "9"]
[EventCountry "WLS"]
[SourceTitle "CB29_2025"]
[SourceDate "2025.07.16"]
[SourceVersion "1"]
[SourceVersionDate "2025.07.16"]
[SourceQuality "1"]

1. d4 Nf6 2. Nf3 d5 3. c4 c6 4. Nc3 a6 5. c5 Nbd7 6. Bf4 Nh5 7. Bd2 Nhf6 8. Bf4 Nh5 9. Bd2 g6 10. e3 Bg7 11. Be2 0-0 12. 0-0 Re8 13. Ng5 e5 14. Bxh5 Qxg5 15. Be2 Qh4 16. g3 Qf6 17. dxe5 Nxe5 18. Na4 Bh3 19. Re1 Rad8 20. Ba5 Rd7 21. Bc3 Qf5 22. f3 d4 23. g4 Nxg4 24. fxg4 Qe6 25. Nb6 Qxe3+ 26. Kh1 Qf2 27. Bf3 Rxe1+ 0-1

[Event "ENG-ch Schools"]
[Site "Nottingham"]
[Date "2025.06.25"]
[Round "3.1"]
[White "Dasgupta, Avyukt"]
[Black "Verma, Shlok"]
[Result "1-0"]
[WhiteElo "2207"]
[BlackElo "2282"]
[PlyCount "101"]
[EventDate "2025.06.25"]
[EventType "team-swiss"]
[EventRounds "6"]
[EventCountry "ENG"]
[SourceTitle "CB27_2025"]
[SourceDate "2025.07.02"]
[SourceVersion "1"]
[SourceVersionDate "2025.07.02"]
[SourceQuality "1"]
[WhiteTeam "Haberdashers Askes"]
[BlackTeam "Wilson's"]
[WhiteTeamCountry "ENG"]
[BlackTeamCountry "ENG"]

1. e4 e6 2. d4 d5 3. Bd3 dxe4 4. Bxe4 Nf6 5. Bf3 c5 6. Ne2 Be7 7. Nbc3 0-0 8. Be3 Nbd7 9. 0-0 cxd4 10. Nxd4 Ne5 11. Qe2 Nxf3+ 12. Qxf3 a6 13. Rad1 Qc7 14. Rfe1 Bd7 15. Bf4 Qb6 16. Nf5 Bd8 17. Nxg7 Bc6 18. Qg3 Kh8 19. Be5 Rg8 20. Rxd8 Qxd8 21. Qg5 Rxg7 22. Bxf6 Qf8 23. Rd1 Kg8 24. Bxg7 Qxg7 25. Rd8+ Rxd8 26. Qxd8+ Qf8 27. Qxf8+ Kxf8 28. f3 Ke7 29. Kf2 Kd6 30. Ke3 Ke5 31. Ne4 h6 32. Nf2 f5 33. Nd3+ Kd6 34. Kd4 h5 35. h4 b5 36. b3 a5 37. a3 Be8 38. c4 a4 39. c5+ Ke7 40. bxa4 bxa4 41. Ke5 Kd7 42. Nf4 Bf7 43. Kf6 Be8 44. Nxe6 Kc6 45. Ke7 Bd7 46. Nd8+ Kc7 47. Nf7 Bb5 48. Ne5 f4 49. Ke6 Bf1 50. Kf5 Bxg2 51. Kxf4 1-0

[Event "WchT Blitz Pool D"]
[Site "London"]
[Date "2025.06.14"]
[Round "4.3"]
[White "Dasgupta, Avyukt"]
[Black "Anton Guijarro, David"]
[Result "0-1"]
[WhiteElo "2125"]
[BlackElo "2642"]
[PlyCount "94"]
[EventDate "2025.06.14"]
[EventType "team-tourn"]
[EventRounds "13"]
[EventCountry "ENG"]
[SourceTitle "CB25_2025"]
[SourceDate "2025.06.18"]
[SourceVersion "1"]
[SourceVersionDate "2025.06.18"]
[SourceQuality "1"]
[WhiteTeam "The London Legends"]
[BlackTeam "Team MGD1"]
[WhiteTeamCountry "ENG"]
[BlackTeamCountry "IND"]

1. d4 d5 2. Bf4 e6 3. e3 Nf6 4. Nd2 Bd6 5. Bg3 0-0 6. Ngf3 c5 7. c3 b6 8. Bd3 Ba6 9. Bxa6 Nxa6 10. 0-0 Nb8 11. Bxd6 Qxd6 12. Ne5 Nc6 13. f4 Qc7 14. Rf3 Ne7 15. Rg3 g6 16. Rh3 Ne4 17. Nxe4 dxe4 18. Qg4 Nf5 19. Qe2 f6 20. Ng4 Qc6 21. Nf2 Rfd8 22. Qc2 cxd4 23. exd4 Rxd4 24. Re1 e3 25. Ng4 Rd2 26. Nxf6+ Kg7 27. Qe4 Qxe4 28. Nxe4 Rxb2 29. g4 Nh6 30. Ng5 Nxg4 31. Rxh7+ Kg8 32. h3 Nf6 33. Re7 Nd5 34. Rxe6 Nxf4 35. R6xe3 Rf8 36. Re8 Rxe8 37. Rxe8+ Kg7 38. Re4 Ne2+ 39. Rxe2 Rxe2 40. a4 Ra2 41. Ne6+ Kf6 42. Nc7 Rxa4 43. Nd5+ Ke5 44. Ne7 g5 45. Kf2 Rc4 46. Ng6+ Kf6 47. Nf8 Rc7 0-1

[Event "WchT Rapid"]
[Site "London"]
[Date "2025.06.13"]
[Round "9.2"]
[White "Kistrup, Nicolai"]
[Black "Dasgupta, Avyukt"]
[Result "1-0"]
[WhiteElo "2221"]
[BlackElo "2083"]
[PlyCount "121"]
[EventDate "2025.06.11"]
[EventType "team-swiss"]
[EventRounds "12"]
[EventCountry "ENG"]
[SourceTitle "CB25_2025"]
[SourceDate "2025.06.18"]
[SourceVersion "1"]
[SourceVersionDate "2025.06.18"]
[SourceQuality "1"]
[WhiteTeam "Danish Futures"]
[BlackTeam "The London Legends"]
[WhiteTeamCountry "DEN"]
[BlackTeamCountry "ENG"]

1. d4 Nf6 2. c4 e6 3. Nf3 Bb4+ 4. Nbd2 b6 5. a3 Bxd2+ 6. Nxd2 d6 7. e3 Bb7 8. b3 Nbd7 9. f3 c5 10. Be2 cxd4 11. exd4 d5 12. 0-0 0-0 13. a4 Nb8 14. Bb2 Nc6 15. c5 bxc5 16. dxc5 e5 17. b4 Nxb4 18. Bxe5 Qe7 19. Bd4 Nd7 20. Nb3 Rfc8 21. Re1 Qf8 22. Bb5 Bc6 23. Qd2 a6 24. Qxb4 Rab8 25. Na5 axb5 26. Nxc6 Rxc6 27. axb5 Rxc5 28. Bxc5 Nxc5 29. Rec1 Ne6 30. Qxf8+ Kxf8 31. Ra7 Ke8 32. Rb1 d4 33. b6 h6 34. Kf2 d3 35. Ke3 Nc5 36. Rc7 Ne6 37. Rc4 Kd7 38. Kxd3 Rb7 39. Rb5 Kd6 40. h4 g5 41. h5 Nf4+ 42. Kd4 Kd7 43. g4 f6 44. Rc7+ Rxc7 45. bxc7 Ne6+ 46. Ke4 Kxc7 47. Rd5 Nf4 48. Rf5 Kd6 49. Rxf6+ Ke7 50. Rxh6 Kf7 51. Kf5 Nh3 52. Rg6 Ng1 53. Rf6+ Kg7 54. h6+ Kh7 55. Kxg5 Nh3+ 56. Kh5 Kg8 57. g5 Kh7 58. g6+ Kg8 59. h7+ Kg7 60. Rf7+ Kh8 61. Rf8+ 1-0

[Event "WchT Rapid"]
[Site "London"]
[Date "2025.06.12"]
[Round "8.3"]
[White "Dasgupta, Avyukt"]
[Black "Gallagher, Daniel GH"]
[Result "1-0"]
[WhiteElo "2083"]
[BlackElo "2063"]
[PlyCount "103"]
[EventDate "2025.06.11"]
[EventType "team-swiss"]
[EventRounds "12"]
[EventCountry "ENG"]
[SourceTitle "CB25_2025"]
[SourceDate "2025.06.18"]
[SourceVersion "1"]
[SourceVersionDate "2025.06.18"]
[SourceQuality "1"]
[WhiteTeam "The London Legends"]
[BlackTeam "Oxbridge"]
[WhiteTeamCountry "ENG"]
[BlackTeamCountry "ENG"]

1. d4 Nf6 2. Bg5 d5 3. e3 c5 4. Bxf6 gxf6 5. dxc5 e6 6. Nf3 Bxc5 7. Be2 0-0 8. 0-0 Nc6 9. c4 dxc4 10. Qa4 Qe7 11. Qxc4 b6 12. Nc3 Bb7 13. Qh4 f5 14. Ng5 f6 15. Nxe6 Ne5 16. Bc4 Nxc4 17. Qxc4 Qf7 18. Qb3 Rfc8 19. Nxc5 Rxc5 20. Qxf7+ Kxf7 21. Rfd1 Ke7 22. Rd4 Rg8 23. g3 Bf3 24. Rf4 Bc6 25. Rd1 Rg4 26. Rdd4 h5 27. h3 Rxf4 28. Rxf4 a5 29. f3 Ke6 30. Kf2 Be8 31. h4 b5 32. a3 Rc8 33. Ke2 Rb8 34. Kd2 b4 35. axb4 axb4 36. Ne2 Ke5 37. Nd4 Bd7 38. Nc2 b3 39. Rb4 Rg8 40. Rxb3 Rxg3 41. Ne1 Bc6 42. Ke2 Rh3 43. Rb6 Rh2+ 44. Kf1 Kd6 45. Rb4 Rh1+ 46. Kf2 Rh2+ 47. Kg3 Re2 48. Ng2 Ke5 49. Rb6 Bd5 50. f4+ Ke4 51. Rb4+ Kd3 52. Rd4+ 1-0

[Event "WchT Rapid"]
[Site "London"]
[Date "2025.06.12"]
[Round "7.3"]
[White "Frank, Anton"]
[Black "Dasgupta, Avyukt"]
[Result "1-0"]
[WhiteElo "2110"]
[BlackElo "2083"]
[PlyCount "111"]
[EventDate "2025.06.11"]
[EventType "team-swiss"]
[EventRounds "12"]
[EventCountry "ENG"]
[SourceTitle "CB25_2025"]
[SourceDate "2025.06.18"]
[SourceVersion "1"]
[SourceVersionDate "2025.06.18"]
[SourceQuality "1"]
[WhiteTeam "Uppsala SSS"]
[BlackTeam "The London Legends"]
[WhiteTeamCountry "SWE"]
[BlackTeamCountry "ENG"]

1. e4 c5 2. Nf3 e6 3. d4 cxd4 4. Nxd4 Nf6 5. Nc3 Nc6 6. Ndb5 Bb4 7. a3 Bxc3+ 8. Nxc3 d5 9. exd5 exd5 10. Bd3 0-0 11. 0-0 d4 12. Ne2 Bg4 13. h3 Bh5 14. Bg5 Re8 15. Re1 Qd6 16. Qd2 Bxe2 17. Bf4 Qd5 18. Bxe2 Ne5 19. Rad1 Rad8 20. Bf1 Ne4 21. Qb4 Ng6 22. Bh2 Qf5 23. f3 Ng5 24. Rxd4 Qxc2 25. Rxe8+ Rxe8 26. Qb5 Re1 27. Qxg5 h6 28. Qd2 Qb1 29. Qf2 Ne7 30. Rd8+ Kh7 31. Re8 Re6 32. Bf4 Nd5 33. Rxe6 fxe6 34. Be5 Qc1 35. Kh2 Ne3 36. Bd3+ g6 37. Bf4 Nf1+ 38. Bxf1 Qxf4+ 39. Kg1 Qf6 40. b4 Qc3 41. Qxa7 Qc6 42. b5 Qd5 43. a4 h5 44. a5 Kh6 45. a6 bxa6 46. bxa6 Kg5 47. Qe3+ Kf6 48. a7 h4 49. Kh1 g5 50. Qc3+ Kf7 51. Qa1 Qa8 52. Bd3 g4 53. Be4 Qc8 54. a8Q Qc1+ 55. Qxc1 Kf6 56. Qf4+ 1-0

[Event "WchT Rapid"]
[Site "London"]
[Date "2025.06.11"]
[Round "2.2"]
[White "Reimanis, Ritvars"]
[Black "Dasgupta, Avyukt"]
[Result "0-1"]
[WhiteElo "2331"]
[BlackElo "2083"]
[PlyCount "66"]
[EventDate "2025.06.11"]
[EventType "team-swiss"]
[EventRounds "12"]
[EventCountry "ENG"]
[SourceTitle "CB25_2025"]
[SourceDate "2025.06.18"]
[SourceVersion "1"]
[SourceVersionDate "2025.06.18"]
[SourceQuality "1"]
[WhiteTeam "The MongolZ"]
[BlackTeam "The London Legends"]
[WhiteTeamCountry "MGL"]
[BlackTeamCountry "ENG"]

1. d4 Nf6 2. Nc3 d5 3. Bg5 Bf5 4. e3 e6 5. Bd3 Bxd3 6. Qxd3 c5 7. Qb5+ Qd7 8. Bxf6 gxf6 9. dxc5 Qxb5 10. Nxb5 Na6 11. b4 Nxb4 12. Rb1 Na6 13. c6 bxc6 14. Nd4 Bb4+ 15. Ke2 Kd7 16. c3 Bxc3 17. Nxc6 Kxc6 18. Rc1 Kd6 19. Rxc3 Rhc8 20. Ra3 Nb4 21. Nh3 Rc2+ 22. Kf3 Rxa2 23. Rb3 Nc6 24. g3 Rb8 25. Rhb1 Rxb3 26. Rxb3 a5 27. Nf4 Ne5+ 28. Kg2 Ng4 29. Nh3 a4 30. Rb4 Nxe3+ 31. Kf3 Nc4 32. Rb7 a3 33. Rxf7 Ne5+ 0-1

[Event "Cambridge op 3rd"]
[Site "Cambridge"]
[Date "2025.05.26"]
[Round "2"]
[White "Pack, James"]
[Black "Dasgupta, Avyukt"]
[Result "0-1"]
[WhiteElo "1884"]
[BlackElo "2142"]
[PlyCount "72"]
[EventDate "2025.05.26"]
[EventType "tourn"]
[EventRounds "9"]
[EventCountry "ENG"]
[SourceTitle "CB23_2025"]
[SourceDate "2025.06.04"]
[SourceVersion "1"]
[SourceVersionDate "2025.06.04"]
[SourceQuality "1"]

1. c4 e5 2. g3 Nf6 3. Bg2 c6 4. Nf3 e4 5. Nd4 d5 6. cxd5 Qxd5 7. e3 Bg4 8. Qc2 Na6 9. a3 Nc5 10. Nc3 Qe5 11. f4 exf3 12. Nxf3 Bf5 13. Nxe5 Bxc2 14. b4 Nd3+ 15. Nxd3 Bxd3 16. Bb2 Bd6 17. b5 0-0 18. bxc6 bxc6 19. Bxc6 Rab8 20. Nd1 Rfc8 21. Bxf6 gxf6 22. Nf2 Be5 23. Rd1 Bc2 24. Bf3 Bb2 25. 0-0 Bxd1 26. Bxd1 Bxa3 27. Ne4 Be7 28. Nc3 Bb4 29. Bg4 Rd8 30. Ne4 Bxd2 31. Nxf6+ Kh8 32. Nd7 Bxe3+ 33. Kh1 Rb2 34. Rxf7 Rc8 35. Bh3 Rc1+ 36. Bf1 Rf2 0-1

[Event "London Classic op 14th"]
[Site "London"]
[Date "2024.11.30"]
[Round "3"]
[White "Dasgupta, Avyukt"]
[Black "Zhao, George"]
[Result "1/2-1/2"]
[WhiteElo "2034"]
[BlackElo "2233"]
[PlyCount "70"]
[EventDate "2024.11.29"]
[EventType "swiss"]
[EventRounds "9"]
[EventCountry "ENG"]
[SourceTitle "CB50_2024"]
[SourceDate "2024.11.01"]
[SourceVersion "1"]
[SourceVersionDate "2024.11.01"]
[SourceQuality "2"]

1. e4 e6 2. d4 d5 3. exd5 exd5 4. Nf3 Bd6 5. Bd3 Ne7 6. 0-0 Nbc6 7. c3 Bg4 8. Bg5 f6 9. Bh4 Qd7 10. Nbd2 0-0-0 11. Bg3 g5 12. b4 Nf5 13. Qa4 Kb8 14. Bb5 Nfe7 15. Rae1 a6 16. Bxc6 Nxc6 17. Bxd6 Qxd6 18. b5 axb5 19. Qxb5 Na7 20. Qd3 h5 21. Re3 h4 22. Rb1 Bc8 23. Nf1 Rh5 24. N3d2 g4 25. Qe2 Rdh8 26. Re8 Qc6 27. Rxh8 Rxh8 28. Qe3 Nb5 29. Rb3 Re8 30. Qd3 Nd6 31. Ne3 f5 32. f4 Ne4 33. Nxe4 Rxe4 34. g3 Qe6 35. Kf2 hxg3+ 1/2-1/2

[Event "South Wales op 19th"]
[Site "Bridgend"]
[Date "2024.07.09"]
[Round "8"]
[White "Dasgupta, Avyukt"]
[Black "Southcott Moyers, Indy"]
[Result "1-0"]
[WhiteElo "2089"]
[BlackElo "2200"]
[PlyCount "105"]
[EventDate "2024.07.05"]
[EventType "swiss"]
[EventRounds "9"]
[EventCountry "WLS"]
[SourceTitle "CBM 221 Extra"]
[Source "ChessBase"]
[SourceDate "2024.09.30"]
[SourceVersion "1"]
[SourceVersionDate "2024.09.30"]
[SourceQuality "1"]

1. e4 c6 2. Nf3 d5 3. d3 Nd7 4. Nbd2 e5 5. d4 exd4 6. exd5 cxd5 7. Nxd4 Nc5 8. Bb5+ Bd7 9. Qe2+ Qe7 10. Bxd7+ Kxd7 11. N2f3 Qe5 12. Qe3 Qxe3+ 13. Ne2 Bd6 14. Bxe3 Ne6 15. 0-0-0 Ne7 16. Nc3 Kc6 17. Rd2 Rhd8 18. Rhd1 Bc7 19. g3 h6 20. b4 b5 21. Nd4+ Nxd4 22. Bxd4 Bd6 23. Bxg7 Bxb4 24. Rd3 Rd6 25. Be5 Rd7 26. Rf3 Ng8 27. Ne2 Re8 28. Nd4+ Kb7 29. Rb3 Rxe5 30. Rxb4 a6 31. a4 Ne7 32. axb5 a5 33. Ra4 Kb6 34. Kd2 Rc7 35. Nb3 Kxb5 36. Rxa5+ Kb6 37. Rda1 h5 38. Nd4 Kb7 39. Ra7+ Kc8 40. Rxc7+ Kxc7 41. Ra7+ Kd6 42. Rxe7 Kxe7 43. Nc6+ Kd6 44. Nxe5 Kxe5 45. Ke3 d4+ 46. Kd3 Kd5 47. f3 f5 48. h3 Ke5 49. Kc4 h4 50. gxh4 Kf4 51. h5 Kg5 52. Kxd4 Kxh5 53. c4 1-0

[Event "South Wales op 19th"]
[Site "Bridgend"]
[Date "2024.07.05"]
[Round "2"]
[White "Moulson, Paul"]
[Black "Dasgupta, Avyukt"]
[Result "0-1"]
[WhiteElo "1702"]
[BlackElo "2089"]
[PlyCount "60"]
[EventDate "2024.07.05"]
[EventType "swiss"]
[EventRounds "9"]
[EventCountry "WLS"]
[SourceTitle "CBM 221 Extra"]
[Source "ChessBase"]
[SourceDate "2024.09.30"]
[SourceVersion "1"]
[SourceVersionDate "2024.09.30"]
[SourceQuality "1"]

1. e4 e6 2. d4 d5 3. e5 c5 4. c3 Qb6 5. Nf3 Bd7 6. Bd3 cxd4 7. cxd4 Bb5 8. 0-0 Bxd3 9. Qxd3 Nc6 10. Na3 Nge7 11. Qb5 Nc8 12. Qxb6 Nxb6 13. Nb5 Rc8 14. Bf4 Be7 15. Rac1 h6 16. Rfd1 a6 17. Nd6+ Bxd6 18. exd6 f6 19. h3 g5 20. Bg3 Kd7 21. b3 Na7 22. a4 Rxc1 23. Rxc1 Rc8 24. Rc7+ Rxc7 25. dxc7 Na8 26. h4 Nxc7 27. hxg5 hxg5 28. Nd2 Nc6 29. Bxc7 Kxc7 30. Nf3 g4 0-1

[Event "ECF Schools-ch"]
[Site "Nottingham"]
[Date "2024.06.27"]
[Round "3.3"]
[White "Dicker, James"]
[Black "Dasgupta, Avyukt"]
[Result "0-1"]
[WhiteElo "1891"]
[BlackElo "2069"]
[PlyCount "50"]
[EventDate "2024.06.27"]
[EventType "team-swiss"]
[EventRounds "5"]
[EventCountry "ENG"]
[SourceTitle "EXT 2025"]
[Source "ChessBase"]
[SourceDate "2024.10.14"]
[SourceVersion "1"]
[SourceVersionDate "2024.10.14"]
[SourceQuality "1"]
[WhiteTeam "RGS Guildford"]
[BlackTeam "Haberdashers Askes School"]
[WhiteTeamCountry "ENG"]
[BlackTeamCountry "ENG"]

1. e4 e6 2. d4 d5 3. exd5 exd5 4. Nf3 Nf6 5. Bd3 c5 6. c3 Nc6 7. h3 Be7 8. dxc5 Bxc5 9. 0-0 0-0 10. Bf4 Ne4 11. Bxe4 dxe4 12. Ne5 Nxe5 13. Bxe5 Qg5 14. Bd4 Bxh3 15. g3 Bxd4 16. cxd4 Bxf1 17. Kxf1 Rad8 18. Nc3 e3 19. Ne2 Qf6 20. f4 Qc6 21. Kg1 Rd6 22. Rc1 Qe4 23. Qc2 Qf3 24. Rf1 Qh5 25. Qe4 Qxe2 0-1

[Event "ENG-ch"]
[Site "Kenilworth"]
[Date "2024.06.22"]
[Round "6"]
[White "Dasgupta, Avyukt"]
[Black "Banerjee, Supratit"]
[Result "1/2-1/2"]
[WhiteElo "2031"]
[BlackElo "2115"]
[PlyCount "65"]
[EventDate "2024.06.20"]
[EventType "swiss"]
[EventRounds "7"]
[EventCountry "ENG"]
[SourceTitle "CBM 220 Extra"]
[Source "ChessBase"]
[SourceDate "2024.07.31"]
[SourceVersion "1"]
[SourceVersionDate "2024.07.31"]
[SourceQuality "1"]

1. e4 e6 2. d4 d5 3. Bd3 dxe4 4. Bxe4 Nf6 5. Bf3 c5 6. Ne2 Be7 7. Nbc3 0-0 8. Be3 Nbd7 9. 0-0 cxd4 10. Nxd4 Ne5 11. Qe2 Nxf3+ 12. Qxf3 Nd5 13. Nxd5 Qxd5 14. Qxd5 exd5 15. Nb5 Bf5 16. Rac1 Rac8 17. Nc3 Rfd8 18. Rfd1 Be6 19. Bxa7 Bf6 20. Bd4 Bg5 21. Be3 Bf6 22. Bd4 Bg5 23. Ra1 h6 24. Be3 Bf6 25. Bd4 Bg5 26. Re1 Rc4 27. Rad1 Rdc8 28. h3 Rb4 29. Ne2 Ra4 30. Nc3 Rb4 31. Ne2 Ra4 32. Nc3 Rb4 33. Ne2 1/2-1/2

[Event "British Rapidplay"]
[Site "Peterborough"]
[Date "2024.03.02"]
[Round "5"]
[White "Dasgupta, Avyukt"]
[Black "Mirzoeva, Elmira"]
[Result "1-0"]
[WhiteElo "2012"]
[BlackElo "2250"]
[PlyCount "171"]
[EventDate "2024.03.02"]
[EventType "swiss (rapid)"]
[EventRounds "11"]
[EventCountry "ENG"]
[SourceTitle "CBM 219 Extra"]
[Source "ChessBase"]
[SourceDate "2024.05.31"]
[SourceVersion "1"]
[SourceVersionDate "2024.05.31"]
[SourceQuality "1"]

1. d4 d6 2. Nf3 g6 3. b3 Bg7 4. Bb2 Nd7 5. e3 e5 6. dxe5 dxe5 7. Bc4 Nh6 8. e4 0-0 9. 0-0 c6 10. b4 Qe7 11. a3 Nb6 12. Bb3 Be6 13. Nbd2 f6 14. Qe2 Nf7 15. a4 Bxb3 16. Nxb3 Nd6 17. Nfd2 Qf7 18. Nc5 Nbc4 19. Nxb7 Bh6 20. Nxd6 Nxd6 21. Nb3 Rab8 22. Bc3 Nc4 23. Rfd1 Rfd8 24. Nc5 Bf8 25. Nd7 Rxd7 26. Rxd7 Qxd7 27. Qxc4+ Kg7 28. h3 Bd6 29. Rd1 Rd8 30. Qd3 Qe7 31. Qc4 Rc8 32. b5 Bc5 33. bxc6 Rxc6 34. Qb5 Rd6 35. Rd5 Rxd5 36. exd5 Qd6 37. Qb7+ Kg8 38. Bd2 Bb6 39. Bh6 Qc7 40. Qxc7 Bxc7 41. Be3 a6 42. c4 Kf7 43. Kf1 f5 44. f3 Ke7 45. c5 Kd7 46. Ke2 Ba5 47. Kd3 Bc7 48. Kc4 Ba5 49. c6+ Kd6 50. Bc5+ Kc7 51. Bf2 Kd6 52. Bc5+ Kc7 53. Bb4 Bb6 54. a5 Be3 55. Bc5 Bd2 56. Bb6+ Kd6 57. Bc5+ Kc7 58. Bb4 Be3 59. Kd3 Bf2 60. g4 h5 61. Bc3 Bg3 62. Kc4 Kd6 63. Bb4+ Kc7 64. Bc5 hxg4 65. hxg4 Bh2 66. gxf5 gxf5 67. Bb4 Bg3 68. Kd3 Bh2 69. Ke2 Bg1 70. Kf1 Bd4 71. Kg2 Be3 72. Kh3 Bf2 73. Bc3 e4 74. fxe4 fxe4 75. Be5+ Kc8 76. Kg4 Bc5 77. d6 e3 78. d7+ Kd8 79. Bf6+ Be7 80. Bxe7+ Kxe7 81. Kf3 Kd8 82. Kxe3 Kc7 83. Kd4 Kd8 84. Kc4 Kc7 85. Kc5 Kd8 86. Kb6 1-0

[Event "British Rapidplay"]
[Site "Peterborough"]
[Date "2024.03.02"]
[Round "1"]
[White "Dasgupta, Avyukt"]
[Black "Pradhan, Ayan"]
[Result "1-0"]
[WhiteElo "2012"]
[BlackElo "1708"]
[PlyCount "59"]
[EventDate "2024.03.02"]
[EventType "swiss (rapid)"]
[EventRounds "11"]
[EventCountry "ENG"]
[SourceTitle "CBM 219 Extra"]
[Source "ChessBase"]
[SourceDate "2024.05.31"]
[SourceVersion "1"]
[SourceVersionDate "2024.05.31"]
[SourceQuality "1"]

1. e4 e6 2. d4 d5 3. Bd3 Nf6 4. exd5 exd5 5. Ne2 Bd6 6. Nbc3 c6 7. Bg5 Be7 8. Qd2 0-0 9. Ng3 Be6 10. 0-0 Nbd7 11. Nce2 h6 12. Be3 Ng4 13. Nf4 Nxe3 14. Qxe3 Nf6 15. Nxe6 fxe6 16. Qxe6+ Kh8 17. Nf5 Re8 18. Qf7 Bf8 19. Nh4 Ne4 20. Ng6+ Kh7 21. f3 Qg5 22. fxe4 dxe4 23. Bc4 Bd6 24. Ne5 Bxe5 25. dxe5 Rxe5 26. Rae1 Rd8 27. Rf4 Rde8 28. Rexe4 Rxe4 29. Bd3 Qd5 30. Qxe8 1-0

[Event "Dublin Gonzaga Masters"]
[Site "Dublin"]
[Date "2024.01.27"]
[Round "3"]
[White "Dasgupta, Avyukt"]
[Black "Flynn, Jacob"]
[Result "0-1"]
[WhiteElo "1995"]
[BlackElo "2177"]
[PlyCount "126"]
[EventDate "2024.01.26"]
[EventType "swiss"]
[EventRounds "5"]
[EventCountry "IRL"]
[SourceTitle "CBM 218 Extra"]
[Source "ChessBase"]
[SourceDate "2024.03.31"]
[SourceVersion "1"]
[SourceVersionDate "2024.03.31"]
[SourceQuality "1"]

1. e4 e5 2. Nf3 Nc6 3. Bb5 a6 4. Bxc6 dxc6 5. 0-0 Bg4 6. h3 h5 7. d3 Qf6 8. Nbd2 g5 9. Nc4 Bxf3 10. Qxf3 Qxf3 11. gxf3 f6 12. Be3 0-0-0 13. Rfd1 Rh7 14. Kf1 h4 15. Ke2 c5 16. a4 b6 17. Nd2 Ne7 18. Nc4 Nc6 19. c3 Rhd7 20. Rd2 Kb7 21. Rdd1 Be7 22. Ra2 Rg8 23. Rg1 Ra8 24. Rd1 Rg8 25. Rg1 Re8 26. Rd1 Nd8 27. Raa1 Ne6 28. Rg1 Bd8 29. Rad1 c6 30. Na3 Bc7 31. Nc2 Red8 32. Na1 b5 33. Nb3 Bb6 34. Na1 Kc7 35. b3 Ba5 36. c4 Bc3 37. Nc2 Rb8 38. Rb1 Kd8 39. cxb5 cxb5 40. Rgc1 bxa4 41. Na3 Bd4 42. bxa4 Rb2+ 43. Rc2 Rxb1 44. Nxb1 Rb7 45. Nd2 Rb4 46. Ra2 Kc7 47. Kd1 Rb8 48. Rc2 Kc6 49. Ra2 Rg8 50. Ke2 Bc3 51. Nc4 Rb8 52. Rc2 Bd4 53. Nd2 Rb4 54. Ra2 Bc3 55. Kd1 Bxd2 56. Bxd2 Rb1+ 57. Bc1 Nd4 58. Rb2 Rxb2 59. Bxb2 Nxf3 60. Ke2 Ng1+ 61. Kf1 Nxh3 62. Bc1 Nf4 63. Bxf4 exf4 0-1